Stats NBA 2024-2025 - Statistiques

Statistiques générales
  • Ce quiz a été pris 215 fois
  • Le résultat moyen est 33 sur 60
Statistiques - réponses
Categorie Nbr Joueur % Correct
Points par match 29.6 Nikola Jokic
97%
Rebonds par match 12.7 Nikola Jokic
97%
Assits par match 10.2 Nikola Jokic
97%
Interceptions par match 1.8 Nikola Jokic
97%
Points par match 32.7 Shai Gilgeous Alexander
97%
Interceptions par match 1.7 Shai Gilgeous Alexander
97%
3pt par match 4.4 Stephen Curry
94%
Assits par match 8.2 LeBron James
89%
Points par match 30.4 Giannis Antetokounmpo
88%
Rebonds par match 11.9 Giannis Antetokounmpo
88%
3pt par match 3.5 Luka Doncic
86%
Points par match 26.8 Jayson Tatum
81%
3pt par match 3.5 Jayson Tatum
81%
Assits par match 11.6 Trae Young
80%
Rebonds par match 10.3 Jalen Duren
78%
Rebonds par match 10.9 Rudy Gobert
77%
Contres par match 1.4 Rudy Gobert
77%
Points par match 27.6 Anthony Edwards
71%
3pt par match 4.1 Anthony Edwards
71%
Assits par match 8.7 James Harden
71%
Assits par match 9.2 Tyrese Haliburton
69%
Points par match 26.0 Jalen Brunson
68%
Assits par match 7.3 Jalen Brunson
68%
Rebonds par match 13.9 Domantas Sabonis
67%
Points par match 26.6 Kevin Durant
65%
Rebonds par match 12.8 Karl Anthony Towns
64%
Points par match 25.6 Devin Booker
63%
Interceptions par match 1.7 Ausar Thompson
57%
Points par match 26.1 Cade Cunningham
55%
Assits par match 9.1 Cade Cunningham
55%
Points par match 24.9 Damian Lillard
52%
Assits par match 7.1 Damian Lillard
52%
3pt par match 3.4 Damian Lillard
52%
3pt par match 3.5 Derick White
52%
Interceptions par match 1.6 Jalen Williams
52%
Contres par match 1.6 Evan Mobley
50%
3pt par match 3.8 LaMelo Ball
50%
Interceptions par match 3.0 Dyson Daniels
49%
Assits par match 7.4 Chris Paul
47%
Rebonds par match 12.6 Ivica Zubac
47%
Contres par match 2.0 Myles Turner
43%
Rebonds par match 10.3 Alperen Sengun
40%
Contres par match 1.9 Brook Lopez
40%
Contres par match 1.5 Jaren Jackson Jr
40%
Rebonds par match 12.2 Walker Kessler
36%
Contres par match 2.4 Walker Kessler
36%
Interceptions par match 1.5 Josh Hart
33%
3pt par match 3.9 Malik Beasley
28%
Contres par match 1.5 Alex Sarr
25%
Interceptions par match 1.6 Fred VanVleet
23%
Rebonds par match 10.1 Nikola Vucevic
21%
3pt par match 3.5 Jordan Poole
16%
Assits par match 7.2 Josh Giddey
16%
Interceptions par match 1.8 Cason Wallace
15%
Contres par match 1.6 Donovan Clingan
11%
Contres par match 1.4 Nic Claxton
9%
3pt par match 3.9 Brandon Miller
6%
Interceptions par match 1.7 Kris Dunn
5%
Interceptions par match 1.5 Kelly Oubre
3%
Contres par match 1.4 Isaiah Stewart
2%
Aucun quiz correspondant
Distribution des résultats
% des personnes avec chaque résultat
Percentile par nombre de réponses
Votre historique - résultats
Vous n’avez pas pris ce quiz